Θεωρία και πρακτική της ειδικής αγωγής : άθληση ατόμων με ειδικές ανάγκες, διορθωτική γυμναστική, ψυχοκινητική διαπαιδαγώγηση

Αποθηκεύτηκε σε:
Λεπτομέρειες βιβλιογραφικής εγγραφής
Κύριος συγγραφέας: Σιδηροπούλου-Δόκα, Μαρία
Μορφή: Βιβλίο
Γλώσσα:Greek
Δημοσίευση: Θεσσαλονίκη : [χ.ό.], 1986
Θέματα:
Ετικέτες: Προσθήκη ετικέτας
Δεν υπάρχουν, Καταχωρήστε ετικέτα πρώτοι!

MARC

LEADER 00000nam a2200000 i 4500
001 1/11446
008 000912s1986 gre d
035 |l 10063835 
040 |a GR-MY-UA  |b gre  |e aacr 
041 0 |a gre 
082 0 |a 371.9 
100 1 |a Σιδηροπούλου-Δόκα, Μαρία. 
245 1 0 |a Θεωρία και πρακτική της ειδικής αγωγής :  |b άθληση ατόμων με ειδικές ανάγκες, διορθωτική γυμναστική, ψυχοκινητική διαπαιδαγώγηση /  |c Μαρίας Σιδηροπούλου - Δόκα 
260 |a Θεσσαλονίκη :   |b [χ.ό.],   |c 1986 
650 0 0 |a Special education. 
650 0 0 |a People with disabilities  |x Education. 
650 0 0 |a Physical education for people with disabilities. 
650 0 0 |a Physical fitness for people with disabilities. 
852 |a INST  |b RHODES  |e 20000912  |h 371.9 ΣΙΔ  |p 005400008082  |q 005400008082  |t BK  |y 0 
901 |a BIBL4-2000-3 
909 |a Ρ  |b 019816 
922 |b 199103 
970 |z 2000/09/ΣΟΦΙΑ